Oeuvres completes / (Record no. 96642)

MARC details
000 -LEADER
campo de control de longitud fija 01122nam a2200193 i 4500
001 - NÚMERO DE CONTROL
campo de control 96642
003 - IDENTIFICADOR DE NÚMERO DE CONTROL
campo de control ES-MaACL
005 - FECHA Y HORA DE LA ÚLTIMA TRANSACCIÓN
campo de control 20230906181943.0
007 - CAMPO FIJO DE DESCRIPCIÓN FÍSICA--INFORMACIÓN GENERAL
campo de control de longitud fija t|
008 - DATOS DE LONGITUD FIJA--INFORMACIÓN GENERAL
campo de control de longitud fija 050629s1974 fr ||||1| fre d
100 1# - ENTRADA PRINCIPAL--NOMBRE DE PERSONA
Nombre de persona Mallarmé, Stéphane (
Fechas asociadas al nombre 1842-1898)
9 (RLIN) 75791
245 10 - MENCIÓN DEL TÍTULO
Título Oeuvres completes /
Mención de responsabilidad, etc. Stéphane Mallarmé; texte établi et annoté par Henri Mondor et G. Jean-Aubry.
260 ## - PUBLICACIÓN, DISTRIBUCIÓN, ETC.
Lugar de publicación, distribución, etc. Paris :
Nombre del editor, distribuidor, etc. Gallimard,
Fecha de publicación, distribución, etc. 1974.
300 ## - DESCRIPCIÓN FÍSICA
Extensión XXVII, 1659 p. ;
Dimensiones 18 cm.
505 8# - NOTA DE CONTENIDO CON FORMATO
Nota de contenido con formato Contiene: Poèmes d'enfance et de jeunesse-- Poésies-- Vers de circonstance-- Les poèmes d'Edgar Poe-- Proses de jeunesse-- Poèmes en prose-- Crayonné au théatre-- Variations sur un sujet-- Igitur-- Un coup de dés-- Quelques médaillons et portraits en pied-- Richard Wagner-- Préface a "Wathek"-- Le "Ten o'clock" de M. Whistler-- Contes indiens-- La musique et les lettres-- Proses diverses-- Les mots anglais-- Thèmes anglais-- Les dieux antiques-- L'étoile des fées-- Bibliographie-- Iconographie-- Notes et variantes
700 1# - ENTRADA AGREGADA--NOMBRE PERSONAL
Nombre de persona Mondor, Henri.
9 (RLIN) 82149
700 1# - ENTRADA AGREGADA--NOMBRE PERSONAL
Nombre de persona Jean-Aubry, G.
9 (RLIN) 66230
852 ## - LOCALIZACIÓN
Ubicación ES-MaACL
Número de control de estantería E-9652
Sublocalización o colección R.94126
Holdings
Estatus retirado Estado de pérdida Estado de daño No para préstamo Biblioteca de origen Biblioteca actual Ubicación en estantería Fecha de adquisición Fuente de adquisición Total de préstamos Signatura topográfica completa Código de barras Visto por última vez Precio de reemplazo Tipo de ítem Koha
        Biblioteca del Ateneo de Madrid Biblioteca del Ateneo de Madrid Depósito 2 17/01/2008     E-9652 1100894 23/02/2023 23/02/2023 Libro impreso